<?xml version="1.0" encoding="UTF-8"?>
<collection xmlns="http://www.loc.gov/MARC21/slim">
 <record>
  <leader>06439nam a2200433 a 4500</leader>
  <controlfield tag="001">kal3035</controlfield>
  <controlfield tag="003">Gr-AtHEAL</controlfield>
  <controlfield tag="005">20160422082410.0</controlfield>
  <controlfield tag="006">m        d        </controlfield>
  <controlfield tag="008">160413s2015    gr      s           gre|c</controlfield>
  <datafield tag="020" ind1=" " ind2=" ">
   <subfield code="a">9789606031373</subfield>
  </datafield>
  <datafield tag="040" ind1=" " ind2=" ">
   <subfield code="a">GR-AtHEAL</subfield>
   <subfield code="b">gre</subfield>
   <subfield code="c">GR-AtHEAL</subfield>
  </datafield>
  <datafield tag="082" ind1="0" ind2="4">
   <subfield code="a">362</subfield>
   <subfield code="2">23</subfield>
  </datafield>
  <datafield tag="100" ind1="1" ind2=" ">
   <subfield code="a">Σπυρόπουλος, Βασίλειος.</subfield>
   <subfield code="8">523</subfield>
  </datafield>
  <datafield tag="245" ind1="1" ind2="3">
   <subfield code="a">Το σύγχρονο νοσοκομείο</subfield>
   <subfield code="h">[Ηλεκτρονικός πόρος] </subfield>
   <subfield code="b">Βιοϊατρική τεχνολογία, πληροφορικά συστήματα και λήψη ιατρικής απόφασης</subfield>
   <subfield code="c">Σπυρόπουλος, Βασίλειος ; Κριτικός αναγνώστης,Καλλέργη, Μαρία ; Τεχνική επιμέλεια,Μποτσιβάλη, Μαρία ; Γλωσσική επιμέλεια,Παππάς, Βασίλειος.</subfield>
  </datafield>
  <datafield tag="260" ind1=" " ind2=" ">
   <subfield code="a">Αθήνα :</subfield>
   <subfield code="b">Σύνδεσμος Ελληνικών Ακαδημαϊκών Βιβλιοθηκών,</subfield>
   <subfield code="c">c2015.</subfield>
  </datafield>
  <datafield tag="490" ind1=" " ind2=" ">
   <subfield code="a">Ακαδημαϊκά Ηλεκτρονικά Συγγράμματα και Βοηθήματα Κάλλιπος</subfield>
   <subfield code="8">40</subfield>
  </datafield>
  <datafield tag="520" ind1=" " ind2=" ">
   <subfield code="a">Στόχος του Συγγράμματος είναι η εισαγωγή των σπουδαστών στη Δομή και στη Λειτουργία του Σύγχρονου Νοσοκομείου, και η εξοικείωσή τους με την Κτηριακή Υποδομή και την Βιοϊατρική Τεχνολογία των επιμέρους Τμημάτων του και με το πως αυτές υποστηρίζουν την επίτευξη των στόχων τους. Επίσης, η κατανόηση της Οργανωτικής, Διοικητικής και Οικονομικής προσέγγισης των παρεχομένων Υπηρεσιών Υγείας και τον ρόλο που επιτελεί η Ιατρική Πληροφορική στην υποστήριξη της λήψης Ιατρικών και Επιχειρησιακών Αποφάσεων στο περίπλοκο σύστημα &quot;Νοσοκομείο&quot;. Τέλος, η αφομοίωση των πλέον διαδεδομένων Τεχνικών Λύσεων, Κλινικών Εφαρμογών και χαρακτηριστικών πλευρών που αφορούν στην Λειτουργικότητα, στην Ασφάλεια και στην Διαχείριση της Ποιότητας των χρησιμοποιουμένων Μεθόδων, Συσκευών και Υλικών στο σύγχρονο Νοσοκομείο. Το περίγραμμα της προσέγγισης περιλαμβάνει τις ακόλουθες ενότητες:Η ιστορική πορεία διαμόρφωσης της σημερινής Δομής του Νοσοκομείου.Τα Eξωτερικά Ιατρεία και το Τμήμα Εκτάκτων Περιστατικών.Η in vivo Διαγνωστική.Τα in vitro Διαγνωστικά Εργαστήρια και η Αιμοδοσία.Η σύγχρονη Ιατρική Απεικόνιση.Τα Χειρουργεία-Ρομποτική.Η Ακτινοθεραπεία και άλλες Θεραπευτικές Οι Μονάδες Εντατικής Θεραπείας.Η Γενική Νοσηλευτική Μονάδα.Οι Μονάδες Αποθεραπείας-Αποκατάστασης. Η σύγχρονη κατ΄οίκον Φροντίδα.Ιατρική Πληροφορική και λήψη Ιατρικών και Επιχειρησιακών Αποφάσεων στο Νοσοκομείο.Ιατρικός Φάκελος: Ο πυρήνας των Πληροφορικών συστημάτων Υγείας.Διαγνωστικός Συλλογισμός και Υποστήριξη Κλινικής Απόφασης.Πληροφορ. Συστήματα (HIS, LIS, PACS-RIS, ΑΙΜS κλπ.). Ιατρικές Κωδικοποιήσεις και Διαλειτουργικότητα.Ανάκτηση Ιατρικής Πληροφορίας. Διαχείριση Κόστους- DRGs.Προμήθειες-Προδιαγραφές-Διαγωνισμοί στο Νοσοκομείο.Ποιότητα: Πιστοποίση και Διαπίστευση.Προστασία του περιβάλλοντος στο Νοσοκομείο.Ακτινοπροστασία.Χημική Ασφάλεια.Ηλεκτρική Ασφάλεια. Ηχορύπανση.Ασφάλεια και Διαχείριση Δικτύων.Καθαριότητα-Απολύμανση-Αποστείρωση.Αποκομιδή και διαχείριση Ακαθάρτων και Απορριμάτων.</subfield>
  </datafield>
  <datafield tag="650" ind1=" " ind2="0">
   <subfield code="a">Hospitals</subfield>
   <subfield code="v">Periodicals</subfield>
   <subfield code="8">2157</subfield>
  </datafield>
  <datafield tag="653" ind1=" " ind2=" ">
   <subfield code="a">Συστήματα ποιότητας στα νοσοκομεία</subfield>
  </datafield>
  <datafield tag="653" ind1=" " ind2=" ">
   <subfield code="a">Τεχνικά πρότυπα, κανονισμοί και ιατρικές κατευθυντήριες γραμμές</subfield>
  </datafield>
  <datafield tag="653" ind1=" " ind2=" ">
   <subfield code="a">Λειτουργία του σύγχρονου νοσοκομείου</subfield>
  </datafield>
  <datafield tag="653" ind1=" " ind2=" ">
   <subfield code="a">Δομή του νοσοκομείου</subfield>
  </datafield>
  <datafield tag="653" ind1=" " ind2=" ">
   <subfield code="a">Βιοασφάλεια</subfield>
  </datafield>
  <datafield tag="653" ind1=" " ind2=" ">
   <subfield code="a">Κοινοτική υγεία</subfield>
  </datafield>
  <datafield tag="653" ind1=" " ind2=" ">
   <subfield code="a">Δημόσιες υπηρεσίες υγείας</subfield>
  </datafield>
  <datafield tag="653" ind1=" " ind2=" ">
   <subfield code="a">Πολιτική για την υγεία</subfield>
  </datafield>
  <datafield tag="653" ind1=" " ind2=" ">
   <subfield code="a">Οικονομικά της υγείας</subfield>
  </datafield>
  <datafield tag="653" ind1=" " ind2=" ">
   <subfield code="a">Τεχνολογία και επιστήμες μηχανικών</subfield>
   <subfield code="a">Ιατρική τεχνολογία και μηχανική</subfield>
  </datafield>
  <datafield tag="653" ind1=" " ind2=" ">
   <subfield code="a">Επιστήμες υγείας</subfield>
   <subfield code="a">Ιατρική</subfield>
   <subfield code="a">Δημόσια υγεία</subfield>
   <subfield code="a">Βιοασφάλεια</subfield>
  </datafield>
  <datafield tag="653" ind1=" " ind2=" ">
   <subfield code="a">Επιστήμες υγείας</subfield>
   <subfield code="a">Ιατρική</subfield>
   <subfield code="a">Κλινική ιατρική</subfield>
  </datafield>
  <datafield tag="653" ind1=" " ind2=" ">
   <subfield code="a">Επιστήμη υπολογιστών/πληροφορική</subfield>
  </datafield>
  <datafield tag="653" ind1=" " ind2=" ">
   <subfield code="a">Επιστήμες υγείας</subfield>
   <subfield code="a">Διοίκηση νοσοκομείου</subfield>
  </datafield>
  <datafield tag="700" ind1="1" ind2=" ">
   <subfield code="a">Καλλέργη, Μαρία</subfield>
   <subfield code="e">Κριτικός αναγνώστης</subfield>
   <subfield code="8">524</subfield>
  </datafield>
  <datafield tag="856" ind1="4" ind2="0">
   <subfield code="u">http://hdl.handle.net/11419/3035</subfield>
   <subfield code="z">Πλήρες Κείμενο - Full text</subfield>
  </datafield>
  <datafield tag="907" ind1=" " ind2=" ">
   <subfield code="a">.b25680171</subfield>
   <subfield code="b">12-06-18</subfield>
   <subfield code="c">29-07-16</subfield>
  </datafield>
  <datafield tag="949" ind1=" " ind2=" ">
   <subfield code="0">0</subfield>
   <subfield code="1">0</subfield>
   <subfield code="2">ddc</subfield>
   <subfield code="4">0</subfield>
   <subfield code="6">362_000000000000000_ΣΠΥ</subfield>
   <subfield code="7">0</subfield>
   <subfield code="8">KALL</subfield>
   <subfield code="8">776</subfield>
   <subfield code="d">2016-04-13</subfield>
   <subfield code="r">2016-04-13</subfield>
   <subfield code="w">2016-04-13</subfield>
   <subfield code="z">362 ΣΠΥ</subfield>
   <subfield code="o">SEAB KALLIPOS</subfield>
  </datafield>
  <datafield tag="998" ind1=" " ind2=" ">
   <subfield code="a">80</subfield>
   <subfield code="a">01</subfield>
   <subfield code="a">02</subfield>
   <subfield code="a">03</subfield>
   <subfield code="a">04</subfield>
   <subfield code="a">05</subfield>
   <subfield code="a">06</subfield>
   <subfield code="a">07</subfield>
   <subfield code="a">08</subfield>
   <subfield code="a">09</subfield>
   <subfield code="a">10</subfield>
   <subfield code="a">11</subfield>
   <subfield code="a">12</subfield>
   <subfield code="a">13</subfield>
   <subfield code="a">14</subfield>
   <subfield code="a">15</subfield>
   <subfield code="a">16</subfield>
   <subfield code="a">17</subfield>
   <subfield code="a">18</subfield>
   <subfield code="a">19</subfield>
   <subfield code="a">20</subfield>
   <subfield code="a">21</subfield>
   <subfield code="a">22</subfield>
   <subfield code="a">23</subfield>
   <subfield code="a">24</subfield>
   <subfield code="a">25</subfield>
   <subfield code="a">26</subfield>
   <subfield code="b">16-05-17</subfield>
   <subfield code="c">m</subfield>
   <subfield code="d">z  </subfield>
   <subfield code="e">-</subfield>
   <subfield code="f">gre</subfield>
   <subfield code="g">gr </subfield>
   <subfield code="h">3</subfield>
  </datafield>
  <datafield tag="942" ind1=" " ind2=" ">
   <subfield code="2">ddc</subfield>
   <subfield code="c">KALLIPOS</subfield>
  </datafield>
 </record>
</collection>
